| 000 | 00696nam a2200241 a 4500 | ||
|---|---|---|---|
| 001 | BRL_261 | ||
| 005 | 20190320210646.0 | ||
| 008 | 150713s1982----mx-oa#####---#000-0#spa-# | ||
| 041 | _aspaeng | ||
| 044 | _amx | ||
| 050 | 4 |
_aNK844 _b.M37 1982 |
|
| 100 | 1 |
_aMartínez Peñaloza, Porfirio _91788 |
|
| 245 | 1 | 0 |
_aArtesanía mexicana _cPorfirio Martínez Peñaloza. |
| 260 |
_aMéxico _bEdiciones Galería de Arte Misrachi _c1982 |
||
| 300 |
_a95 p. _bil. a color _c29 cm. |
||
| 500 | _aAu288 | ||
| 546 | _aTexto en : español e inglés | ||
| 650 | 1 | 4 |
_aArte popular _zMéxico _9882 |
| 650 | 1 | 4 |
_aArtesanías _zMéxico _93976 |
| 650 | 1 | 4 |
_aArtesanos _zMéxico _9426 |
| 902 | _aGRL | ||
| 942 |
_2lcc _cB |
||
| 999 |
_c9074 _d9074 |
||